000
00213nam a2200085Ia 4500
245
0
_a
Stars
100
_a
BOCKNEK, Jonathan New York, 2003
_9
83383
942
_c
BK
008
210819s9999 xx 000 0 und d
999
_c
303844
_d
303843